Determinantes de la morosidad tributaria en Mar del Plata (Registro nro. 22843)

Detalles MARC
000 -LEADER
fixed length control field 00550 a2200181 4500
001 - CONTROL NUMBER
control field ART_6832
005 - DATE AND TIME OF LATEST TRANSACTION
control field 20260410161827.0
008 - FIXED-LENGTH DATA ELEMENTS--GENERAL INFORMATION
fixed length control field 260409a
100 1# - MAIN ENTRY--PERSONAL NAME
Personal name Mallo, Paulino E.
245 10 - TITLE STATEMENT
Title Determinantes de la morosidad tributaria en Mar del Plata
700 1# - ADDED ENTRY--PERSONAL NAME
Personal name Artola, María A.
700 1# - ADDED ENTRY--PERSONAL NAME
Personal name Zanfrillo, Alicia I.
700 1# - ADDED ENTRY--PERSONAL NAME
Personal name Morettini, Mariano
700 1# - ADDED ENTRY--PERSONAL NAME
Personal name Galante, Marcelo J.
700 1# - ADDED ENTRY--PERSONAL NAME
Personal name Pascual, Mariano E.
700 1# - ADDED ENTRY--PERSONAL NAME
Personal name Busetto, Adrián R.
773 0# - HOST ITEM ENTRY
Title FACES
Related parts - Año 17, Nº 36/37 (ene./dic. 2011)
Record control number REV5046

No hay ítems disponibles.